| 000 | 00565cam a22002291 4500 | ||
|---|---|---|---|
| 001 | sa 67006177 | ||
| 003 | DLC | ||
| 005 | 20260227112404.0 | ||
| 008 | 950217s1966 ii a 000 0 tamo | ||
| 010 | _asa 67006177 | ||
| 025 | _aPL480:I-T-1578 | ||
| 035 | _a(OCoLC)32009812 | ||
| 040 |
_aDLC _cCU _dCU _dDLC |
||
| 042 | _apremarc | ||
| 050 | 0 | 0 |
_aPL4759.T63 _bS83 |
| 100 | 1 |
_aSubramanian, L., _d1940- |
|
| 245 | 1 | 0 | _aCintan̲aiyāḷar Tolkāppiyar. |
| 260 | _c[1966] | ||
| 300 |
_a92 p. _billus. _c18 cm. |
||
| 500 | _aIn Tamil. | ||
| 600 | 0 | 0 | _aTolkāppiyar. |
| 999 |
_c75746 _d75746 |
||